[Event "Albrecht-Beer-Turnier Gera"]
[Site "Gera"]
[Date "2024.10.03"]
[Round "2.56"]
[White "Czäczine, Paula"]
[Black "Kopiske, Karl"]
[Result "1-0"]
[WhiteElo "1757"]
[BlackElo "1578"]
[PlyCount "89"]
[EventDate "2024.10.03"]
[WhiteTeam "Chemnitzer SC Aufbau`95"]
[BlackTeam "USG Chemnitz"]

1. e4 e5 2. Nf3 Nc6 3. d4 exd4 4. Nxd4 Nf6 5. Nxc6 bxc6 6. e5 Qe7 7. Qe2 Nd5 8.
c4 Nb6 9. Nc3 d6 10. Bf4 Ba6 11. Qe4 d5 12. cxd5 Bxf1 13. Kxf1 cxd5 14. Nxd5
Nxd5 15. Qxd5 Rd8 16. Qc6+ Qd7 17. Qxd7+ Rxd7 18. Ke2 Bc5 19. Rhd1 h6 20. Be3
Bb6 21. Rac1 Ke7 22. Bc5+ Bxc5 23. Rxc5 Rc8 24. b3 Rxd1 25. Kxd1 c6 26. Ke2 Kd7
27. Ke3 g5 28. Ke4 Ke6 29. g4 f6 30. exf6 Kxf6 31. Rf5+ Ke6 32. f4 gxf4 33.
Kxf4 Rd8 34. Rh5 Rf8+ 35. Ke4 Rf6 36. h4 Rg6 37. g5 hxg5 38. hxg5 Rg7 39. Rh6+
Kd7 40. Kf5 Rf7+ 41. Rf6 Re7 42. g6 Re2 43. g7 Rf2+ 44. Kg6 Rg2+ 45. Kf7 1-0

[Event "Albrecht-Beer-Turnier Gera"]
[Site "Gera"]
[Date "2024.10.03"]
[Round "2.57"]
[White "Boroshnev, Dmytro"]
[Black "Härtel, Ben"]
[Result "1-0"]
[WhiteElo "1543"]
[BlackElo "1753"]
[PlyCount "73"]
[EventDate "2024.10.03"]
[WhiteTeam "SC Turm Erfurt"]
[BlackTeam "SC Reichenbach"]

1. e4 e5 2. Nf3 Nf6 3. Nc3 Nc6 4. Bc4 Nxe4 5. Bxf7+ Kxf7 6. Nxe4 d5 7. Neg5+
Kg8 8. d3 Be7 9. c3 h6 10. Nh3 Kf7 11. Qe2 Bf6 12. Nd2 Re8 13. O-O Kg8 14. Qh5
Be6 15. f4 Bf7 16. Qf3 Qd7 17. fxe5 Nxe5 18. Qg3 c6 19. Rxf6 Kf8 20. Rf1 Ng4
21. Nb3 Nf6 22. Bxh6 Nh5 23. Qf3 gxh6 24. Qxh5 Kg7 25. Qf3 Rf8 26. Nd4 Bg6 27.
Qg3 Rae8 28. Rxf8 Rxf8 29. Nf4 Rxf4 30. Qxf4 Bxd3 31. Qe5+ Kg8 32. Re1 Be4 33.
Re3 Qf7 34. Rg3+ Bg6 35. h4 Kh7 36. Ne6 h5 37. Ng5+ 1-0

[Event "Albrecht-Beer-Turnier Gera"]
[Site "Gera"]
[Date "2024.10.03"]
[Round "2.58"]
[White "Rauhut, Max"]
[Black "Zakirov, Nikita"]
[Result "0-1"]
[WhiteElo "1532"]
[BlackElo "1750"]
[PlyCount "108"]
[EventDate "2024.10.03"]
[WhiteTeam "SC GG Potsdam"]
[BlackTeam "SVG CAISSA Kassel"]

1. d4 d5 2. Bf4 Nf6 3. Nf3 e6 4. e3 Bd6 5. c3 O-O 6. Bd3 c5 7. O-O Qc7 8. Bxd6
Qxd6 9. Nbd2 Nbd7 10. Qc2 c4 11. Be2 b5 12. e4 dxe4 13. Nxe4 Nxe4 14. Qxe4 Rb8
15. a3 Bb7 16. Qc2 Rfe8 17. Ng5 Nf6 18. Bf3 Qf4 19. Bxb7 Rxb7 20. Nf3 Nd5 21.
Qd2 Qxd2 22. Nxd2 e5 23. dxe5 Rxe5 24. Rfe1 Rbe7 25. Nf3 Rxe1+ 26. Rxe1 Rxe1+
27. Nxe1 Nb6 28. Nc2 Na4 29. Nd4 a6 30. b4 Nxc3 31. Kf1 Kf8 32. f3 Ke8 33. g4
g6 34. Kf2 Kd7 35. Ke3 Kd6 36. Kf4 Kd5 37. Nc2 h6 38. h4 Ne2+ 39. Ke3 Nc1 40.
Kf4 Nb3 41. g5 h5 42. Ke3 Ke6 43. Ke4 Nd2+ 44. Ke3 Nb1 45. Ke4 Nc3+ 46. Ke3 Ke5
47. f4+ Kd5 48. Kd2 Ne4+ 49. Ke3 Ng3 50. Kf3 Nf5 51. Kf2 Nxh4 52. Ne3+ Kd4 53.
Kg3 Kxe3 54. Kxh4 Kxf4 0-1

[Event "Albrecht-Beer-Turnier Gera"]
[Site "Gera"]
[Date "2024.10.03"]
[Round "2.59"]
[White "John, Linnea"]
[Black "Fischer, Fabian"]
[Result "1-0"]
[WhiteElo "1749"]
[BlackElo "1563"]
[PlyCount "49"]
[EventDate "2024.10.03"]
[WhiteTeam "SV Königsjäger Süd-West"]
[BlackTeam "SV Schott Jena"]

1. e4 e6 2. d4 d5 3. Nc3 Nf6 4. Bg5 Be7 5. e5 Nfd7 6. h4 h6 7. Bxe7 Qxe7 8. Nf3
c5 9. Nb5 Na6 10. Nd6+ Kd8 11. Qd2 cxd4 12. Bxa6 bxa6 13. Qa5+ Nb6 14. Nxd4 Qc7
15. Rh3 Rf8 16. Rc3 Nc4 17. Qb4 Rb8 18. Nc6+ Qxc6 19. Qxb8 Qc7 20. Qxc7+ Kxc7
21. b3 Kd7 22. bxc4 dxc4 23. Rxc4 f6 24. Nxc8 Rxc8 25. Rd1+ 1-0

[Event "Albrecht-Beer-Turnier Gera"]
[Site "Gera"]
[Date "2024.10.03"]
[Round "2.60"]
[White "Naumann, Thomas"]
[Black "Schröder, Ulrich-Christian"]
[Result "1-0"]
[WhiteElo "1745"]
[BlackElo "1508"]
[PlyCount "63"]
[EventDate "2024.10.03"]
[WhiteTeam "ESV Lok Döbeln"]

1. e4 d6 2. d4 Nf6 3. Bd3 g6 4. Ne2 Bg7 5. b3 c5 6. c3 O-O 7. Bb2 cxd4 8. cxd4
Qa5+ 9. Bc3 Qg5 10. O-O Bh3 11. Ng3 Bg4 12. f3 Bd7 13. Bd2 Qh4 14. Be3 Nh5 15.
Nxh5 Qxh5 16. Qe2 Nc6 17. Qf2 Rac8 18. Na3 a6 19. Rac1 b5 20. Nc2 Bf6 21. Kh1
e5 22. d5 Bg5 23. dxc6 Rxc6 24. Nb4 Rxc1 25. Rxc1 a5 26. Nd5 f5 27. Bxg5 Qxg5
28. Rc2 fxe4 29. Bxe4 Bf5 30. Bxf5 Rxf5 31. h4 Qd8 32. Rc8 1-0

[Event "Albrecht-Beer-Turnier Gera"]
[Site "Gera"]
[Date "2024.10.03"]
[Round "2.65"]
[White "Gersemann, Olaf"]
[Black "Reißmann, Edmund"]
[Result "0-1"]
[WhiteElo "1440"]
[BlackElo "1713"]
[PlyCount "72"]
[EventDate "2024.10.03"]
[WhiteTeam "TSG Oberschöneweide"]
[BlackTeam "SV Erzgebirge Stollberg"]

1. Nc3 Nf6 2. Nf3 d5 3. d4 c6 4. Bf4 Bf5 5. e3 e6 6. Bd3 Bg6 7. O-O Bd6 8. Ne5
O-O 9. Bxg6 hxg6 10. Qf3 Qc7 11. Ne2 Nbd7 12. Nxd7 Nxd7 13. Bxd6 Qxd6 14. Qf4
e5 15. dxe5 Nxe5 16. Rad1 Rad8 17. b3 Rfe8 18. Rd2 Qa3 19. c3 Qe7 20. Rfd1 f6
21. Qg3 Kf7 22. Rd4 b5 23. b4 Nc4 24. R1d3 a5 25. Qf3 Ne5 26. Qg3 Nxd3 27. Rxd3
axb4 28. cxb4 Qxb4 29. h3 Qb1+ 30. Kh2 Qxd3 31. Qc7+ Kf8 32. Nf4 Qf5 33. Qxc6
Ra8 34. Nxd5 Rxa2 35. Qd6+ Kg8 36. f4 Qe6 0-1

[Event "Albrecht-Beer-Turnier Gera"]
[Site "Gera"]
[Date "2024.10.03"]
[Round "2.67"]
[White "Boroshneva, Kassia"]
[Black "Han, Erdem"]
[Result "0-1"]
[WhiteElo "1427"]
[BlackElo "1705"]
[PlyCount "60"]
[EventDate "2024.10.03"]
[WhiteTeam "SC Turm Erfurt"]
[BlackTeam "SSV Vimaria 91 Weimar"]

1. e4 c5 2. d4 cxd4 3. Qxd4 Nc6 4. Qd1 e5 5. Nc3 Bb4 6. Bd2 Nf6 7. a3 Bxc3 8.
Bxc3 O-O 9. Bd3 d5 10. Qe2 d4 11. Bd2 h6 12. Nf3 Bg4 13. h3 Bh5 14. O-O Qd7 15.
Qd1 a6 16. c3 Rfd8 17. Qb3 Bxf3 18. gxf3 dxc3 19. Bxc3 Qxd3 20. Kg2 Nd4 21.
Bxd4 Qxb3 22. Bxe5 Qe6 23. Bg3 Rd2 24. Rab1 Nh5 25. Bh2 g5 26. b4 Nf4+ 27. Bxf4
gxf4 28. Rbc1 Kh7 29. Rc7 Rg8+ 30. Kh2 Rg3 0-1

[Event "Albrecht-Beer-Turnier Gera"]
[Site "Gera"]
[Date "2024.10.04"]
[Round "3.1"]
[White "Ahmed, Daniel"]
[Black "Richter, Michael"]
[Result "1-0"]
[WhiteElo "2046"]
[BlackElo "2420"]
[PlyCount "103"]
[EventDate "2024.10.03"]
[WhiteTeam "SV Motor Zeitz"]
[BlackTeam "SK König Tegel 1949"]

1. d4 d5 2. c4 e6 3. Nc3 Be7 4. cxd5 exd5 5. Bf4 c6 6. e3 Bf5 7. Nge2 Nf6 8.
Ng3 Bg6 9. h4 h5 10. Bd3 Bxd3 11. Qxd3 Nbd7 12. Nf5 g6 13. Nxe7 Qxe7 14. f3 O-O
15. O-O-O b5 16. Rde1 b4 17. Na4 Rfe8 18. Re2 Nb6 19. Nc5 Nfd7 20. Na6 Rac8 21.
Bg5 Qf8 22. g4 c5 23. Nxc5 Nxc5 24. dxc5 Qxc5+ 25. Kb1 Qc4 26. Qxc4 dxc4 27.
gxh5 gxh5 28. Rg2 Kh7 29. Rhg1 Rg8 30. Bf6 Rg6 31. Bd4 Rcc6 32. Rg5 Rxg5 33.
Rxg5 Kh6 34. Rf5 Kg6 35. Rb5 b3 36. axb3 cxb3 37. Rxb3 Nc4 38. Rd3 a6 39. Bc3
f6 40. e4 f5 41. exf5+ Kxf5 42. Rd5+ Kf4 43. Rxh5 Kxf3 44. Rh8 Kg4 45. h5 Kf5
46. Ka2 Ne3 47. Rg8 Nd5 48. Bd2 Nf6 49. Rg5+ Ke6 50. Rg6 Kd5 51. Bc3 Nxh5 52.
Rg5+ 1-0

[Event "Albrecht-Beer-Turnier Gera"]
[Site "Gera"]
[Date "2024.10.04"]
[Round "3.2"]
[White "Langheinrich, Ferenc"]
[Black "Meyner, Hannes"]
[Result "1-0"]
[WhiteElo "2335"]
[BlackElo "2016"]
[PlyCount "69"]
[EventDate "2024.10.03"]
[WhiteTeam "ESV Nickelhütte Aue"]
[BlackTeam "SAbt TG 1949 Wehlheiden"]

1. e4 e5 2. Nf3 Nc6 3. Bb5 a6 4. Ba4 Nf6 5. Qe2 d6 6. c3 Bd7 7. d4 g6 8. d5 Ne7
9. Bxd7+ Qxd7 10. O-O Bg7 11. c4 O-O 12. Nc3 Kh8 13. Bd2 Nfg8 14. b4 f6 15. c5
Bh6 16. Rac1 Bxd2 17. Nxd2 Rae8 18. Nc4 Nc8 19. c6 bxc6 20. dxc6 Qxc6 21. Nd5
Qa4 22. Nxc7 Re7 23. Nd5 Ref7 24. Nb2 Qb5 25. Qxb5 axb5 26. a4 bxa4 27. Nxa4
Na7 28. Nac3 Rb8 29. Ra1 Nb5 30. Nxb5 Rxb5 31. Rfc1 Kg7 32. Ra5 Rbb7 33. b5 Ne7
34. Nc7 f5 35. Ne8+ 1-0

[Event "Albrecht-Beer-Turnier Gera"]
[Site "Gera"]
[Date "2024.10.04"]
[Round "3.3"]
[White "Kapp, Martin"]
[Black "Seidens, Gunter"]
[Result "1/2-1/2"]
[WhiteElo "2193"]
[BlackElo "2005"]
[PlyCount "103"]
[EventDate "2024.10.03"]
[WhiteTeam "SV Eiche Reichenbrand"]
[BlackTeam "VfL 1990 Gera"]

1. d4 d5 2. c4 e6 3. Nc3 Nf6 4. Bg5 Nbd7 5. e3 Be7 6. Nf3 O-O 7. Bd3 Re8 8. O-O
a6 9. Qc2 dxc4 10. Bxc4 b5 11. Be2 Bb7 12. a3 c5 13. dxc5 Bxc5 14. Rfd1 Qb6 15.
b4 Be7 16. Rac1 Rac8 17. Qb1 Nf8 18. Ne5 Ng6 19. Nxg6 hxg6 20. Bf4 Rc6 21. Be5
Bd6 22. Bxd6 Rxd6 23. Rxd6 Qxd6 24. a4 Qc6 25. Bf3 Qb6 26. a5 Qa7 27. Ne4 Nxe4
28. Bxe4 Qa8 29. Bxb7 Qxb7 30. Qc2 Rd8 31. g3 Qd5 32. Qc6 Qd2 33. Rf1 Rd6 34.
Qc5 f6 35. Kg2 g5 36. h3 f5 37. Rc1 Kh7 38. g4 Qd3 39. Qc2 Qd5+ 40. Kg3 Qe5+
41. Kg2 Qd5+ 42. Kg3 Qe5+ 43. Kf3 Qd5+ 44. Ke2 Kg6 45. Qc3 fxg4 46. Qc2+ Kf6
47. hxg4 Qg2 48. Qc5 Qxg4+ 49. Ke1 Qg1+ 50. Ke2 Qg4+ 51. Ke1 Qg1+ 52. Ke2
1/2-1/2

[Event "Albrecht-Beer-Turnier Gera"]
[Site "Gera"]
[Date "2024.10.04"]
[Round "3.4"]
[White "Hoffmann, Tim"]
[Black "Czäczine, Anne"]
[Result "0-1"]
[WhiteElo "2004"]
[BlackElo "2184"]
[PlyCount "48"]
[EventDate "2024.10.03"]
[WhiteTeam "SF Greiz"]
[BlackTeam "Chemnitzer SC Aufbau`95"]

1. e4 c5 2. Nc3 d6 3. d4 cxd4 4. Qxd4 Nc6 5. Qd2 g6 6. b3 Bh6 7. f4 Nf6 8. Bb2
e5 9. g3 Nd4 10. Be2 O-O 11. O-O-O Be6 12. Bf3 Rc8 13. Bg2 Bg4 14. Re1 b5 15.
h3 Be6 16. Nge2 b4 17. Nxd4 bxc3 18. Bxc3 exd4 19. Qxd4 Bg7 20. g4 Rxc3 21.
Qxc3 Nxe4 22. Qb4 Nc3 23. Qa3 Qf6 24. Rhf1 Nb5 0-1

[Event "Albrecht-Beer-Turnier Gera"]
[Site "Gera"]
[Date "2024.10.04"]
[Round "3.5"]
[White "Philipp, Mathias"]
[Black "Rauhut, Frank"]
[Result "1-0"]
[WhiteElo "2175"]
[BlackElo "1963"]
[PlyCount "33"]
[EventDate "2024.10.03"]
[WhiteTeam "SSV Vimaria 91 Weimar"]
[BlackTeam "SV Jenapharm Jena"]

1. e4 g6 2. d4 Bg7 3. Nf3 c5 4. dxc5 Qa5+ 5. c3 Qxc5 6. Na3 Qc7 7. Nb5 Qd8 8.
Bf4 Na6 9. Bc4 d6 10. e5 d5 11. Bxd5 Bd7 12. Qe2 Qb6 13. Bxf7+ Kxf7 14. e6+ Kf8
15. exd7 Bf6 16. O-O-O Rd8 17. Rhe1 1-0

[Event "Albrecht-Beer-Turnier Gera"]
[Site "Gera"]
[Date "2024.10.04"]
[Round "3.6"]
[White "Schuricht, Emil Frederick"]
[Black "May, Alexander"]
[Result "1-0"]
[WhiteElo "2145"]
[BlackElo "1952"]
[PlyCount "61"]
[EventDate "2024.10.03"]
[WhiteTeam "Krefelder SK Turm 1851"]
[BlackTeam "SV Gernrode 1887"]

1. c4 Nf6 2. Nf3 g6 3. Nc3 Bg7 4. e4 d6 5. d4 O-O 6. Be2 Nc6 7. O-O e5 8. d5
Ne7 9. b4 Nh5 10. Re1 Nf4 11. Bf1 f5 12. a4 a5 13. Ba3 axb4 14. Bxb4 Kh8 15.
Ra3 Ng8 16. c5 dxc5 17. Bxc5 Re8 18. g3 fxe4 19. Rxe4 Nh3+ 20. Bxh3 Bxh3 21.
Qe1 Qf6 22. Nb5 Red8 23. Nxc7 Rac8 24. d6 Bf8 25. Nxe5 Bxd6 26. Bd4 Rxc7 27.
Rf3 Bxe5 28. Bxe5 Qxe5 29. Rxe5 Rdc8 30. Rd5 Re7 31. Re3 1-0

[Event "Albrecht-Beer-Turnier Gera"]
[Site "Gera"]
[Date "2024.10.04"]
[Round "3.7"]
[White "Lorenz, Veronika"]
[Black "Herrmann, Jakob"]
[Result "0-1"]
[WhiteElo "1882"]
[BlackElo "2142"]
[PlyCount "50"]
[EventDate "2024.10.03"]
[WhiteTeam "TSG Oberschöneweide"]
[BlackTeam "SAV Torgelow-Drögeheide 90"]

1. e4 c6 2. d4 d5 3. exd5 cxd5 4. c4 Nf6 5. Nc3 e6 6. Nf3 Bb4 7. cxd5 Nxd5 8.
Bd2 Nc6 9. Bd3 O-O 10. O-O Nf6 11. Be3 b6 12. a3 Be7 13. Re1 Bb7 14. Bb1 h6 15.
Qd2 Re8 16. Ne4 Qd5 17. Nxf6+ Bxf6 18. Ba2 Qh5 19. Rad1 Ne7 20. Bf4 Bxf3 21.
gxf3 Red8 22. Be5 Bxe5 23. Rxe5 Qxf3 24. d5 Rd6 25. Qe3 Qxd1+ 0-1

[Event "Albrecht-Beer-Turnier Gera"]
[Site "Gera"]
[Date "2024.10.04"]
[Round "3.8"]
[White "Temirbek, Amirali"]
[Black "Dettmann, Gerd"]
[Result "0-1"]
[WhiteElo "1592"]
[BlackElo "2105"]
[PlyCount "118"]
[EventDate "2024.10.03"]
[BlackTeam "SG Güstrow/Teterow"]

1. e4 c5 2. Nf3 d6 3. d4 cxd4 4. Nxd4 Nf6 5. Nc3 a6 6. h3 e6 7. g4 Nc6 8. Be3
Qc7 9. Bg2 Ne5 10. O-O Be7 11. Nce2 O-O 12. b3 d5 13. f4 Nc6 14. Nxc6 bxc6 15.
Ng3 Bb7 16. e5 Nd7 17. Qe2 c5 18. c3 a5 19. Rab1 a4 20. Rfc1 Rfb8 21. b4 Nb6
22. Bf2 Nc4 23. bxc5 Bxc5 24. Bd4 Na3 25. Ra1 Ba6 26. Qf2 Rc8 27. Kh2 Rab8 28.
f5 Nc4 29. Qf4 Rb2 30. f6 Bf8 31. fxg7 Bxg7 32. Re1 f6 33. Be3 fxe5 34. Qg5
Nxe3 35. Rxe3 e4 36. h4 Qe5 37. Qe7 Qf6 38. Qxf6 Bxf6 39. g5 Rxc3 40. Rxc3 Bxc3
41. Rc1 Bd4 42. Rc6 Rb6 43. Rc7 e3 44. Rc2 Bc4 45. Ne2 Be5+ 46. Kh3 Rb2 47.
Rxb2 Bxb2 48. Bf3 Bxa2 49. Kg4 a3 50. Kf4 Bc4 51. Kxe3 Bxe2 52. Kxe2 a2 53. Kd3
a1=Q 54. Kc2 Be5 55. Kb3 Qc3+ 56. Ka4 Qc4+ 57. Ka3 Bc3 58. Bd1 Qb4+ 59. Ka2
Qb2# 0-1

[Event "Albrecht-Beer-Turnier Gera"]
[Site "Gera"]
[Date "2024.10.04"]
[Round "3.9"]
[White "Buzzoni, Eugenio"]
[Black "Seidel, Oliver"]
[Result "1-0"]
[WhiteElo "2060"]
[BlackElo "1835"]
[PlyCount "49"]
[EventDate "2024.10.03"]
[WhiteTeam "SF Berlin 1903"]
[BlackTeam "SC Reichenbach"]

1. e4 e5 2. Nf3 Nf6 3. Nxe5 d6 4. Nf3 Nxe4 5. d4 d5 6. Bd3 Nc6 7. Nbd2 Nxd2 8.
Bxd2 Bg4 9. c3 Qe7+ 10. Be3 Qf6 11. Be2 Bd6 12. Qb3 O-O-O 13. h3 Bxf3 14. Bxf3
Rhe8 15. O-O Rxe3 16. fxe3 Qg5 17. Qc2 Re8 18. Rae1 Qg3 19. Qf5+ Kb8 20. Qg4
Qh2+ 21. Kf2 f5 22. Qxg7 f4 23. exf4 Be7 24. Rxe7 Nxe7 25. Qf7 1-0

[Event "Albrecht-Beer-Turnier Gera"]
[Site "Gera"]
[Date "2024.10.04"]
[Round "3.10"]
[White "Besancon, Pascal"]
[Black "Thielsch, Norman"]
[Result "1-0"]
[WhiteElo "1912"]
[BlackElo "2323"]
[PlyCount "81"]
[EventDate "2024.10.03"]
[WhiteTeam "SK Weida"]
[BlackTeam "Chemnitzer SC Aufbau`95"]

1. e4 c6 2. d4 d5 3. f3 g6 4. Nc3 Bg7 5. Nge2 dxe4 6. fxe4 e5 7. Be3 exd4 8.
Nxd4 Nf6 9. Be2 O-O 10. Qd2 Ng4 11. Bxg4 Bxg4 12. h3 Qh4+ 13. Bf2 Qh5 14. O-O
Bc8 15. Be3 Nd7 16. Rad1 Ne5 17. Qf2 Nc4 18. Bc1 Qc5 19. b3 Ne5 20. Nb1 Qe7 21.
Ba3 c5 22. Nc3 b6 23. Nd5 Qb7 24. Nb5 f5 25. Nd6 Qa6 26. Bc1 Qxa2 27. Nxc8
Raxc8 28. Ne7+ Kh8 29. Nxc8 Rxc8 30. exf5 Rf8 31. Bg5 h6 32. f6 Kg8 33. Qe2
hxg5 34. fxg7 Rxf1+ 35. Rxf1 Qb2 36. Rd1 Kxg7 37. Qe4 Kf6 38. Qa8 Nf7 39. Rf1+
Kg7 40. Qb7 Qd4+ 41. Kh1 1-0

[Event "Albrecht-Beer-Turnier Gera"]
[Site "Gera"]
[Date "2024.10.04"]
[Round "3.11"]
[White "Schönfeld, Volker"]
[Black "Schulz, Karsten"]
[Result "0-1"]
[WhiteElo "1940"]
[BlackElo "2166"]
[PlyCount "102"]
[EventDate "2024.10.03"]
[WhiteTeam "VfL 1990 Gera"]
[BlackTeam "SF Schwerin"]

1. e4 d6 2. d4 Nf6 3. Nc3 e5 4. Nf3 Nbd7 5. Bc4 Be7 6. O-O O-O 7. h3 c6 8. a4
a5 9. Be3 exd4 10. Qxd4 Nc5 11. e5 dxe5 12. Qxd8 Rxd8 13. Nxe5 Be6 14. Bxe6
Nxe6 15. Rfd1 Bc5 16. Bxc5 Nxc5 17. Kf1 Kf8 18. Ke2 Re8 19. f4 Ncd7 20. Kf3
Nxe5+ 21. fxe5 Rxe5 22. Rd4 Rae8 23. Rad1 g6 24. Rd8 Rxd8 25. Rxd8+ Re8 26. Rd4
Ke7 27. Rh4 h5 28. b4 axb4 29. Rxb4 Kd6 30. g4 hxg4+ 31. hxg4 Re1 32. Rd4+ Ke6
33. Rc4 Nd7 34. Kf2 Rc1 35. Ne2 Ra1 36. Re4+ Kd6 37. Rf4 f6 38. Rd4+ Ke7 39.
Nf4 g5 40. Nd3 Ra2 41. Ke3 Rxc2 42. Rb4 b6 43. Re4+ Kd6 44. Rd4+ Kc7 45. Ke4
Nc5+ 46. Kf5 Nxd3 47. Rxd3 Rc4 48. Kxf6 Rxg4 49. a5 bxa5 50. Kf5 Rf4+ 51. Kxg5
Rf8 0-1

[Event "Albrecht-Beer-Turnier Gera"]
[Site "Gera"]
[Date "2024.10.04"]
[Round "3.12"]
[White "Torosyan, Bagrat"]
[Black "Rosenkranz, Andreé"]
[Result "1-0"]
[WhiteElo "2164"]
[BlackElo "1942"]
[PlyCount "71"]
[EventDate "2024.10.03"]
[WhiteTeam "TSG Oberschöneweide e.V."]
[BlackTeam "SV Weißblau Allianz Leipzig"]

1. Nf3 d5 2. g3 c6 3. Bg2 e6 4. O-O f5 5. c4 Nf6 6. b3 Be7 7. Bb2 O-O 8. d3
Nbd7 9. Nbd2 a5 10. Qc2 Qe8 11. Rfe1 Qh5 12. h3 Bc5 13. Ne5 Nxe5 14. Bxe5 Nd7
15. Bb2 Qg6 16. Nf3 Bb4 17. Rf1 Be7 18. e3 Bf6 19. Bxf6 Qxf6 20. d4 Re8 21. a3
Qe7 22. Qc3 Nf6 23. Ne5 Ne4 24. Bxe4 fxe4 25. b4 Qc7 26. Rfc1 Bd7 27. Qb3 Rec8
28. Rab1 a4 29. Qd1 Qd6 30. h4 b5 31. cxb5 cxb5 32. Rc5 Be8 33. Rbc1 Rcb8 34.
h5 Qe7 35. Qg4 Rd8 36. h6 1-0

[Event "Albrecht-Beer-Turnier Gera"]
[Site "Gera"]
[Date "2024.10.04"]
[Round "3.13"]
[White "Schönrock, Rüdiger"]
[Black "Zipfel, Frank"]
[Result "0-1"]
[WhiteElo "1891"]
[BlackElo "2154"]
[PlyCount "50"]
[EventDate "2024.10.03"]
[WhiteTeam "Glauchauer SC 1873"]
[BlackTeam "fuß brothers Jena"]

1. e4 c5 2. c3 g6 3. d4 cxd4 4. cxd4 d5 5. e5 Bg7 6. Nc3 Nc6 7. Be3 Nh6 8. Nf3
Bg4 9. Be2 O-O 10. Qb3 Nf5 11. Qxb7 Bxf3 12. Bxf3 Ncxd4 13. Bxd4 Nxd4 14. O-O-O
Nxf3 15. Rxd5 Bh6+ 16. Kc2 Rb8 17. Qxa7 Qc8 18. gxf3 Qf5+ 19. Rd3 Qxe5 20. Rd5
Qf6 21. Re1 Rfc8 22. Rd3 Bd2 23. Qxe7 Rxb2+ 24. Kxb2 Bxc3+ 25. Ka3 Qa6+ 0-1

[Event "Albrecht-Beer-Turnier Gera"]
[Site "Gera"]
[Date "2024.10.04"]
[Round "3.14"]
[White "Westphal, Wolfgang"]
[Black "Niemann, Silvio"]
[Result "1-0"]
[WhiteElo "2136"]
[BlackElo "1901"]
[PlyCount "97"]
[EventDate "2024.10.03"]
[WhiteTeam "SSC Graal-Müritz"]
[BlackTeam "SV Blau-Weiß 69 Parchim"]

1. e4 c5 2. Nf3 d6 3. Nc3 Nc6 4. Bb5 Bd7 5. O-O Nf6 6. Re1 e5 7. h3 Be7 8. a4
O-O 9. d3 Nd4 10. Bxd7 Qxd7 11. Bg5 Ne6 12. Bxf6 Bxf6 13. Nd5 Bd8 14. Nd2 Nc7
15. Nxc7 Bxc7 16. Nc4 f5 17. exf5 Qxf5 18. Qd2 Rae8 19. Re2 Re6 20. Ne3 Qf4 21.
Nd5 Qxd2 22. Rxd2 Bd8 23. Re2 g5 24. Rae1 Rg6 25. g4 h5 26. Kg2 h4 27. Re3 Rg7
28. Rf3 Rgf7 29. Rxf7 Kxf7 30. c4 Ke6 31. Re2 Rf7 32. b4 cxb4 33. Nxb4 Bb6 34.
Nd5 Bc5 35. Nc3 Bb6 36. Ne4 Bd8 37. Rb2 b6 38. Nc3 Kd7 39. f3 Kc6 40. Kf2 Rf4
41. Ke3 Rf7 42. Nd5 a5 43. Rb5 Bc7 44. Ke2 Bd8 45. Ne3 Rf4 46. Nf5 Bc7 47. Rd5
Kd7 48. Rb5 Ke6 49. Ne3 1-0

[Event "Albrecht-Beer-Turnier Gera"]
[Site "Gera"]
[Date "2024.10.04"]
[Round "3.15"]
[White "Carnot, Luca"]
[Black "Pekrul, Jürgen"]
[Result "1/2-1/2"]
[WhiteElo "2073"]
[BlackElo "1890"]
[PlyCount "49"]
[EventDate "2024.10.03"]
[WhiteTeam "TSG Apolda"]
[BlackTeam "VfL 1990 Gera"]

1. d4 d5 2. Nf3 Bf5 3. e3 Nf6 4. c4 e6 5. Nc3 Be7 6. cxd5 exd5 7. Qb3 b6 8. Be2
O-O 9. O-O Nc6 10. Ne5 Na5 11. Qa4 c5 12. Bd2 a6 13. dxc5 bxc5 14. Bf3 Qd6 15.
Qxa5 Qxe5 16. Ne2 Bd6 17. Ng3 Bg4 18. Bc3 Qe6 19. Bxf6 Bxf3 20. Bc3 Bg4 21.
Rfe1 Qg6 22. f3 Bxf3 23. gxf3 Bxg3 24. hxg3 Qxg3+ 25. Kh1 1/2-1/2

[Event "Albrecht-Beer-Turnier Gera"]
[Site "Gera"]
[Date "2024.10.04"]
[Round "3.16"]
[White "Gersemann, Karl"]
[Black "Pietzsch, Manuel"]
[Result "0-1"]
[WhiteElo "1846"]
[BlackElo "2042"]
[PlyCount "45"]
[EventDate "2024.10.03"]
[WhiteTeam "TSG Oberschöneweide"]
[BlackTeam "SV Motor Zeitz"]

1. e4 c5 2. Nf3 d6 3. d4 cxd4 4. Nxd4 Nf6 5. Nc3 g6 6. Be3 Bg7 7. f3 O-O 8. Qd2
Nc6 9. g4 Bxg4 10. Nxc6 bxc6 11. fxg4 Nxg4 12. Be2 Nxe3 13. Qxe3 Rb8 14. O-O-O
Qa5 15. Bc4 e6 16. Rxd6 Qb4 17. Qd3 Bxc3 18. bxc3 Qb1+ 19. Kd2 Qxh1 20. Qe2 Rb1
21. e5 Rg1 22. Kd3 Rd1+ 23. Ke3 0-1

[Event "Albrecht-Beer-Turnier Gera"]
[Site "Gera"]
[Date "2024.10.04"]
[Round "3.18"]
[White "Schmidt, Matthias"]
[Black "Kaipalath, Varun Raj"]
[Result "1/2-1/2"]
[WhiteElo "1993"]
[BlackElo "1882"]
[PlyCount "76"]
[EventDate "2024.10.03"]
[WhiteTeam "TSG Apolda"]
[BlackTeam "SV Schott Jena"]

1. e4 c5 2. Nf3 d6 3. d4 cxd4 4. Nxd4 Nf6 5. Nc3 a6 6. Bg5 e6 7. Qd2 Be7 8. f3
Qc7 9. Be2 Nbd7 10. O-O O-O 11. Rfd1 b5 12. a3 Bb7 13. Rac1 Nb6 14. Be3 Rfd8
15. Qe1 d5 16. Qf2 Nbd7 17. exd5 Nxd5 18. Nxd5 Bxd5 19. Nf5 Bf6 20. Nd4 Qb7 21.
c3 Ne5 22. Rc2 Nc6 23. Nxc6 Qxc6 24. Rcd2 Qe8 25. Bd4 Be7 26. Bb6 Rdc8 27. Bd3
Qc6 28. Re1 Qxb6 29. Qxb6 Bc5+ 30. Qxc5 Rxc5 31. Be4 Rd8 32. Red1 Kf8 33. Kf2
Ke7 34. Bxd5 Rcxd5 35. Rxd5 exd5 36. Rd4 Kd6 37. Ke2 Re8+ 38. Kf2 Re6 1/2-1/2

[Event "Albrecht-Beer-Turnier Gera"]
[Site "Gera"]
[Date "2024.10.04"]
[Round "3.19"]
[White "Fleischmann, Theo"]
[Black "Sechting, Martin"]
[Result "0-1"]
[WhiteElo "1814"]
[BlackElo "1988"]
[PlyCount "44"]
[EventDate "2024.10.03"]
[WhiteTeam "SVG CAISSA Kassel"]
[BlackTeam "SC Weisse Dame"]

1. Nf3 d5 2. g3 c5 3. Bg2 Nc6 4. d4 e6 5. O-O Nf6 6. c4 Be7 7. dxc5 Bxc5 8. a3
a5 9. cxd5 exd5 10. Bg5 Be7 11. Nc3 O-O 12. Qd2 Be6 13. Nd4 Ne5 14. Rfd1 Nc4
15. Qc2 Rc8 16. Bxf6 Bxf6 17. b3 Nxa3 18. Rxa3 Qb6 19. Nxd5 Rxc2 20. Nxb6 Bxd4
21. Rxd4 Rc1+ 22. Bf1 Bh3 0-1

[Event "Albrecht-Beer-Turnier Gera"]
[Site "Gera"]
[Date "2024.10.04"]
[Round "3.20"]
[White "Feldmann, Bernd"]
[Black "Barth, Jürgen"]
[Result "1/2-1/2"]
[WhiteElo "1987"]
[BlackElo "1815"]
[PlyCount "22"]
[EventDate "2024.10.03"]
[WhiteTeam "Randspringer Bad Salzungen"]
[BlackTeam "Meuselwitzer SV"]

1. d4 d5 2. Nf3 Nf6 3. Bg5 Bg4 4. Qd3 Bxf3 5. Qxf3 c6 6. c3 Ne4 7. Bc1 e6 8. e3
Nd7 9. Bd3 Ndf6 10. Nd2 Nxd2 11. Bxd2 Bd6 1/2-1/2

[Event "Albrecht-Beer-Turnier Gera"]
[Site "Gera"]
[Date "2024.10.04"]
[Round "3.21"]
[White "Würsig, Mathias"]
[Black "Fietsch, Roland"]
[Result "1/2-1/2"]
[WhiteElo "1812"]
[BlackElo "1982"]
[PlyCount "27"]
[EventDate "2024.10.03"]
[WhiteTeam "Lomnitzer SV"]
[BlackTeam "VfL 1990 Gera"]

1. b3 d5 2. Bb2 Nf6 3. Nf3 Bf5 4. g3 e6 5. Bg2 Be7 6. O-O h6 7. d3 O-O 8. Nbd2
Nbd7 9. a3 c5 10. Rc1 Rc8 11. Re1 Bh7 12. c3 b5 13. e4 c4 14. e5 1/2-1/2